Top 10 Best Left and Right Backs - Statistics

General Stats
  • This quiz has been taken 30 times
  • The average score is 5 of 10
Answer Stats
Hint Answer % Correct
1. Roberto carlos
96%
3. Cafu
79%
9. Marcelo
71%
2. Dani Alves
64%
8. Jordi Alba
57%
6. Philip Lahm
57%
4. Carlos Alberto
46%
7. Ashley cole
32%
5. Zanetti
25%
10. Jorginho
4%
No matching quizzes found
Score Distribution
Percent of People with Each Score
Percentile by Number Answered
Your Score History
You have not taken this quiz